Storia della arte cristiana (Record no. 68563)

MARC details
000 -LEADER
campo de control de longitud fija 00756nam a22001695i 4500
001 - NÚMERO DE CONTROL
campo de control 68563
003 - IDENTIFICADOR DE NÚMERO DE CONTROL
campo de control ES-MaACL
007 - CAMPO FIJO DE DESCRIPCIÓN FÍSICA--INFORMACIÓN GENERAL
campo de control de longitud fija t|
008 - DATOS DE LONGITUD FIJA--INFORMACIÓN GENERAL
campo de control de longitud fija 960808s1872 it ||||1| ita d
040 ## - FUENTE DE CATALOGACIÓN
Centro catalogador/agencia de origen CAM
Lengua de catalogación spa
Centro/agencia transcriptor CAM
100 1# - ENTRADA PRINCIPAL--NOMBRE DE PERSONA
Nombre de persona Garrucci, Raffaele.
9 (RLIN) 55786
245 10 - MENCIÓN DEL TÍTULO
Título Storia della arte cristiana
Resto del título : nei primi otto scoli della chiesa /
Mención de responsabilidad, etc. scritta dal P. Raffaele Garrucci ... e corredata della collezione di tutti i monumenti de pittura e scultura...
260 ## - PUBLICACIÓN, DISTRIBUCIÓN, ETC.
Lugar de publicación, distribución, etc. Prato :
Nombre del editor, distribuidor, etc. Francesco Giachetti,
Fecha de publicación, distribución, etc. 1872 (
Fabricante Giachetti, filio e C.)
300 ## - DESCRIPCIÓN FÍSICA
Extensión 5 v. ;
Dimensiones 46 cm.
505 8# - NOTA DE CONTENIDO CON FORMATO
Nota de contenido con formato I. Teorica -- II. Pitture cimiteriali -- III. Pitture non cimiteriali -- IV. Musaici cimiteriali e non cimiteriali -- V. Sarcofagi ossia sculture cimiteriali
852 ## - LOCALIZACIÓN
Ubicación ES-MaACL
Número de control de estantería B-9692-96
Holdings
Estatus retirado Estado de pérdida Estado de daño No para préstamo Colección Biblioteca de origen Biblioteca actual Ubicación en estantería Fecha de adquisición Fuente de adquisición Total de préstamos Signatura topográfica completa Código de barras Visto por última vez Precio de reemplazo Tipo de ítem Koha
        Libros del s. XIX Biblioteca del Ateneo de Madrid Biblioteca del Ateneo de Madrid Sala Pardo Bazán 17/01/2008     B-9692-96 1071776 23/02/2023 23/02/2023 Libro impreso antiguo